[Event "Brasilia Etapa do Rei op"]
[Site "Brasilia"]
[Date "2019.??.??"]
[Round "1"]
[White "Doro, Fernando de Almeida"]
[Black "Felix, Raimundo Nascimento"]
[Result "0-1"]
[WhiteElo "1800"]
[BlackElo "2003"]
[PlyCount "50"]
[EventDate "2019.03.22"]
[EventType "swiss"]
[EventRounds "6"]
[EventCountry "BRA"]
[SourceTitle "CBM 190 Extra"]
[Source "ChessBase"]
[SourceDate "2019.07.15"]
[SourceVersion "1"]
[SourceVersionDate "2019.07.15"]
[SourceQuality "1"]

1. d4 e5 2. d5 Bc5 3. e4 Nf6 4. Bg5 Bxf2+ 5. Ke2 d6 6. Nf3 Bb6 7. h3 Nbd7 8. Nc3 Nf8 9. Na4 Ng6 10. g3 Ba5 11. a3 c6 12. b4 Bc7 13. c4 Bd7 14. Nc3 h6 15. Be3 0-0 16. Kf2 cxd5 17. cxd5 Rc8 18. Rc1 Bb6 19. Qd2 Rxc3 20. Bxb6 Qxb6+ 21. Kg2 Nxe4 22. Rxc3 Nxd2 23. Nxd2 Bf5 24. Nc4 Be4+ 25. Kh2 Qf2+ 0-1